000 00309nam a2200109Ia 4500
008 200302s9999 xx 000 0 und d
100 _aTim Abrahams
245 _aIdeas Exchange the Collaborative studio of Hawkins/ Brown
260 _bBirkhauser Publlisher for Architecture
260 _c2010
300 _a208 P.,
999 _c3917
_d3917